Statistics for The Simpsons or Family Guy? - Characters

Click here to take the quiz!

General Stats

  • This quiz has been taken 78 times
  • The average score is 14 of 15

Answer Stats

QuestionAnswer% Correct
Cleveland BrownFamily Guy
100%
Selma BouvierThe Simpsons
100%
Tom TuckerFamily Guy
97%
Sideshow BobThe Simpsons
97%
Sarah WiggumThe Simpsons
97%
MaggieThe Simpsons
97%
Groundskeeper WillieThe Simpsons
97%
Tricia TakanawaFamily Guy
96%
Lois GriffinFamily Guy
96%
Cletus SpucklerThe Simpsons
94%
Kent BrockmanThe Simpsons
93%
Mort GoldmanFamily Guy
92%
James WoodsFamily Guy
86%
AngelaFamily Guy
85%
Luann van HoutenThe Simpsons
85%

Score Distribution

Percentile by Number Answered

Percent of People with Each Score

Your Score History

You have not taken this quiz